|
|
|
|
| LEADER |
00558nam a22001457a 4500 |
| 999 |
|
|
|c 145410
|d 145410
|
| 082 |
|
|
|a 181.48
|b TAP/I
|
| 100 |
|
|
|a Tapovana Maharaja Swami
|
| 245 |
|
|
|a Isvara-Darsana:
|b the secret relationship between vedanta and sannyasa revealed/
|c by Tapovana Maharaja Swami
|
| 260 |
|
|
|a Mumbai:
|b Chinmaya Prakashan,
|c 2016.
|
| 300 |
|
|
|a 364p.
|
| 650 |
|
|
|a Philosophy Vedanta
|
| 650 |
|
|
|a Philosophy
|
| 942 |
|
|
|c BK
|
| 952 |
|
|
|0 0
|1 0
|4 0
|6 181_480000000000000_TAP_I
|7 0
|9 103853
|a SSUS
|b SSUS
|c STACKS
|d 2020-10-23
|g 220.00
|o 181.48 TAP/I
|p 100755
|r 2020-10-23
|w 2020-10-23
|y BK
|